000 00272nam a2200121 i 4500
001 bg
245 0 _aBeiträge zur Geschichte des Buchwesens.Bd.1.
260 _aLipsk,
_c1965.
040 _cBPK
041 _apol
942 _cKS
008 s pl f |000 0 pol
999 _c8362
_d8362
856 _uhttp://koha.tu.koszalin.pl/cgi-bin/koha/opac-detail.pl?biblionumber=8362
_yKatalog online BPK